Upside for European property investment (Record no. 106795)
[ view plain ]
| 000 -LEADER | |
|---|---|
| fixed length control field | 00979cam a22001935a 4500 |
| 001 - CONTROL NUMBER | |
| control field | L137477 |
| 008 - FIXED-LENGTH DATA ELEMENTS--GENERAL INFORMATION | |
| fixed length control field | 070410s2007 xxk f 000 0 eng d |
| 035 ## - SYSTEM CONTROL NUMBER | |
| System control number | (Sirsi) u137477 |
| 041 0# - LANGUAGE CODE | |
| Language code of text/sound track or separate title | eng |
| 100 1# - MAIN ENTRY--PERSONAL NAME | |
| Personal name | McIntosh, Angus |
| 245 00 - TITLE STATEMENT | |
| Title | Upside for European property investment |
| 260 ## - PUBLICATION, DISTRIBUTION, ETC. | |
| Date of publication, distribution, etc. | 2007 |
| 490 #0 - SERIES STATEMENT | |
| Series statement | Property Forecast |
| Volume/sequential designation | March 2007, 2-5(4) |
| 520 ## - SUMMARY, ETC. | |
| Summary, etc. | Predicts a robust property investment market despite a perceived consensus that total returns will not be as good as the last two years. Discusses rental growth projections, yield changes and capital growth, and unattractive markets. Graphs compare projected property investment returns in 2007 with 2006, the top market opportunities in 2007, rental growth projections in growth markets, property investment yield projections in growth markets and the perceived worst markets in 2007. |
| 590 ## - LOCAL NOTE (RLIN) | |
| Local note | KA |
| 651 #4 - SUBJECT ADDED ENTRY--GEOGRAPHIC NAME | |
| Geographic name | EUROPE |
| 690 ## - LOCAL SUBJECT ADDED ENTRY--TOPICAL TERM (OCLC, RLIN) | |
| Topical term or geographic name as entry element | PROPERTY-COMMERCIAL PROPERTY-COMMERCIAL PROPERTY MARKET |
| 942 ## - ADDED ENTRY ELEMENTS (KOHA) | |
| Suppress in OPAC | 0 |
| Withdrawn status | Lost status | Source of classification or shelving scheme | Damaged status | Not for loan | Home library | Current library | Shelving location | Date acquired | Total Checkouts | Full call number | Barcode | Date last seen | Copy number | Price effective from | Koha item type |
|---|---|---|---|---|---|---|---|---|---|---|---|---|---|---|---|
| Dewey Decimal Classification | London | London | Journal article | 10/04/2007 | L137477 | 137477-1001 | 06/08/2019 | 1 | 06/08/2019 | Journal article |